000 00382nam a2200169Ia 4500
005 20250423101038.0
008 250422s9999 xx 000 0 und d
020 _a9780340985120
050 _aPR 101 .G67/
100 _aPaul, Goring
245 0 _aStudying literature
260 _aLondon
260 _bBloomsbury Academic
260 _c2001
300 _a470 p
942 _cBK
999 _c35117
_d35117